Antología de Ezra Pound: Homenaje desde Chile

Na minha lista:
Detalhes bibliográficos
Principais autores: Uribe Arce, Armando (Autor), Roa Vidal, Armando (Autor)
Formato: Livro
Idioma:espanhol
Publicado em: Santiago Universitaria 1995
coleção:Colección Antologías
Assuntos:
Tags: Adicionar Tag
Sem tags, seja o primeiro a adicionar uma tag!

MARC

LEADER 00000nam a2200000 a 4500
001 UCR6115
003 CL-VaPUC
008 980420e19950000CL |||||||||||||||||spa|d
082 0 4 |a 811  |b URI  |2 21 
100 0 |a Uribe Arce, Armando  |e author  |9 407281 
700 0 |a Roa Vidal, Armando  |e author  |9 407282 
245 1 0 |a Antología de Ezra Pound: Homenaje desde Chile 
300 |a 131 p 
942 |c BK 
945 |d 19980420 00:00:00  |a rbrito 
260 |a Santiago  |b Universitaria  |c 1995 
650 7 |a POESIAS ESTADOUNIDENSES  |2 CL-VaPUC  |9 407283 
583 |a last modification  |c 19980420 00:00:00  |k Rodrigo Vera 
490 0 |a Colección Antologías 
999 |c 268421  |d 268419 
952 |0 0  |1 0  |4 0  |6 811_000000000000000_URI_1995  |7 0  |8 A  |9 301566  |a BIBART  |b BIBART  |d 2019-11-20  |i 3407365  |l 1  |o 811 URI 1995  |p 3407365  |r 2025-03-13  |s 2024-10-02  |w 2019-11-20  |y BK  |k ART